Detalles MARC
| 000 -LEADER |
| fixed length control field |
01927nam a2200469 i 4500 |
| 001 - CONTROL NUMBER |
| control field |
DIGABYALA0083 |
| 003 - CONTROL NUMBER IDENTIFIER |
| control field |
NyNyDIG |
| 006 - FIXED-LENGTH DATA ELEMENTS--ADDITIONAL MATERIAL CHARACTERISTICS |
| fixed length control field |
m o d |
| 008 - FIXED-LENGTH DATA ELEMENTS--GENERAL INFORMATION |
| fixed length control field |
200522s2018 ec ob 000 0 spa d |
| 007 - PHYSICAL DESCRIPTION FIXED FIELD--GENERAL INFORMATION |
| fixed length control field |
cr ||||||||||| |
| 035 ## - SYSTEM CONTROL NUMBER |
| System control number |
(OCoLC)1159239007 |
| 040 ## - CATALOGING SOURCE |
| Original cataloging agency |
DGITA |
| Language of cataloging |
eng |
| Description conventions |
rda |
| -- |
pn |
| Transcribing agency |
DGITA |
| 020 ## - INTERNATIONAL STANDARD BOOK NUMBER |
| International Standard Book Number |
9789978103340 |
| Qualifying information |
eBook |
| -- |
pdf |
| 020 ## - INTERNATIONAL STANDARD BOOK NUMBER |
| International Standard Book Number |
9978103341 |
| Qualifying information |
eBook |
| -- |
pdf |
| 020 ## - INTERNATIONAL STANDARD BOOK NUMBER |
| Canceled/invalid ISBN |
9789978102527 |
| 020 ## - INTERNATIONAL STANDARD BOOK NUMBER |
| Canceled/invalid ISBN |
9978102523 |
| 050 14 - LIBRARY OF CONGRESS CALL NUMBER |
| Classification number |
GN397.5 ebook |
| 082 04 - DEWEY DECIMAL CLASSIFICATION NUMBER |
| Classification number |
301 |
| 100 1# - MAIN ENTRY--PERSONAL NAME |
| Personal name |
Guerrero Arias, Patricio, |
| Relator term |
author. |
| 245 13 - TITLE STATEMENT |
| Title |
El trabajo antropológico : |
| Remainder of title |
miradas teóricas, metodológicas, etnográficas y experiencias desde la vida / |
| Statement of responsibility, etc. |
Patricio Guerrero, Emilia Ferraro, Hernán Hermosa. |
| 264 #1 - PRODUCTION, PUBLICATION, DISTRIBUTION, MANUFACTURE, AND COPYRIGHT NOTICE |
| Place of production, publication, distribution, manufacture |
Quito, Ecuador : |
| Name of producer, publisher, distributor, manufacturer |
Abya-Yala ; |
| Place of production, publication, distribution, manufacture |
Cuenca, Ecuador : |
| Name of producer, publisher, distributor, manufacturer |
Universidad Politécnica Salesiana, |
| Date of production, publication, distribution, manufacture, or copyright notice |
[2018] |
| 300 ## - PHYSICAL DESCRIPTION |
| Extent |
1 online resource. |
| 336 ## - CONTENT TYPE |
| Content type term |
text |
| Content type code |
txt |
| Source |
rdacontent |
| 337 ## - MEDIA TYPE |
| Media type term |
computer |
| Media type code |
c |
| Source |
rdamedia |
| 338 ## - CARRIER TYPE |
| Carrier type term |
online resource |
| Carrier type code |
cr |
| Source |
rdacarrier |
| 347 ## - DIGITAL FILE CHARACTERISTICS |
| File type |
text file |
| Source |
rdaft |
| 347 ## - DIGITAL FILE CHARACTERISTICS |
| Encoding format |
PDF |
| 504 ## - BIBLIOGRAPHY, ETC. NOTE |
| Bibliography, etc. note |
Includes bibliographical references. |
| 588 0# - SOURCE OF DESCRIPTION NOTE |
| Source of description note |
Online resource; title from PDF title page (Digitalia, viewed May 22, 2020) |
| 650 #0 - SUBJECT ADDED ENTRY--TOPICAL TERM |
| Topical term or geographic name entry element |
Applied anthropology. |
| 650 #0 - SUBJECT ADDED ENTRY--TOPICAL TERM |
| Topical term or geographic name entry element |
Anthropology |
| General subdivision |
Professional ethics. |
| 650 #0 - SUBJECT ADDED ENTRY--TOPICAL TERM |
| Topical term or geographic name entry element |
Ethnology |
| General subdivision |
Professional ethics. |
| 655 #0 - INDEX TERM--GENRE/FORM |
| Genre/form data or focus term |
Electronic books. |
| 700 1# - ADDED ENTRY--PERSONAL NAME |
| Personal name |
Ferraro, Emilia, |
| Relator term |
author. |
| 700 1# - ADDED ENTRY--PERSONAL NAME |
| Personal name |
Hermosa, Hernán, |
| Relator term |
author. |
| 791 2# - |
| -- |
Digitalia (Firm), |
| -- |
distributor. |
| 793 0# - |
| -- |
Digitalia eBook Collection: |
| -- |
Ediciones Abya-Yala |
| 776 08 - ADDITIONAL PHYSICAL FORM ENTRY |
| Relationship information |
Print version: |
| Main entry heading |
Guerrero Arias, Patricio. |
| Title |
Trabajo antropológico. |
| Edition |
1ra edición. |
| Place, publisher, and date of publication |
Quito, Ecuador : Abya-Yala ; Cuenca, Ecuador : Universidad Politécnica Salesiana, 2016 |
| International Standard Book Number |
9789978102527 |
| Record control number |
(DLC) 2017445185 |
| -- |
(OCoLC)982192779 |
| 856 40 - ELECTRONIC LOCATION AND ACCESS |
| Materials specified |
Digitalia Hispánica |
| Uniform Resource Identifier |
<a href="https://www.digitaliapublishing.com/a/58956/">https://www.digitaliapublishing.com/a/58956/</a> |
| 910 ## - USER-OPTION DATA (OCLC) |
| User-option data |
Premium collection: 2020 |
| 942 ## - ADDED ENTRY ELEMENTS (KOHA) |
| Koha item type |
Recurso Electrónico |